Państwa wchodzące w skład Imperium Portugalskiego - Statystyki

Ogólne statystyki
  • Ten quiz został rozwiązany 30 razy
  • Średni wynik to 15 z 34
Statystyki odpowiedzi
Podpowiedź
(kontynent)
Odpowiedź
(kraj)
% Poprawnych
Europa Portugalia
95%
Ameryka Płd. Brazylia
91%
Afryka Angola
82%
Afryka Mozambik
77%
*Azja* Indie
64%
Azja* Makau (Chiny)
64%
*Afryka* Maroko
59%
Afryka Republika Zielonego Przylądka
59%
Ameryka Płd. Urugwaj
55%
*Azja* Indonezja
50%
*Afryka* Kenia
45%
*Afryka* Madagaskar
45%
Azja Timor Wschodni
45%
Afryka Wyspy Świętego Tomasza i Książeca
45%
*Ameryka Płd.* Gujana Francuska (Francja)
41%
Afryka Gwinea Bissau
41%
*Azja* Japonia
41%
*Azja* Malezja
41%
Azja Sri Lanka
41%
*Afryka* Gwinea Równikowa
36%
Azja Malediwy
36%
*Ameryka Płd.* Peru
36%
*Afryka* Tanzania
36%
*Afryka* Ghana
32%
*Europa* Wielka Brytania
32%
*Afryka* Benin
27%
*Azja* Iran
27%
*Azja* Jemen
27%
*Afryka* Malawi
27%
*Azja* Oman
27%
*Afryka* Senegal
27%
Afryka Mauritius
18%
Azja Bahrajn
14%
Ameryka Płn. Barbados
0%
Nie znaleziono quizów pasujących do podanych kryteriów
Rozkład punktacji
Procent ludzi z każdym wynikiem
Percentyl według liczby udzielonych odpowiedzi
Twoja historia wyników
Nie rozwiązałeś tego quizu